Đa dạng hóa ngành nghề và hiệu quả kinh doanh: Trường hợp của các công ty niêm yết tại sở giao dịch chứng khoán thành phố Hồ Chí Minh : Luận văn tốt nghiệp Cao học. Chuyên ngành Quản trị kinh doanh
Đề tài đánh giá thực trạng về đa dạng hóa ngành nghề và hiệu quả kinh doanh của các công ty đang niêm yết tại HOSE, phân tích sự ảnh hưởng của mức độ đa dạng hóa ngành nghề đến hiệu quả kinh doanh của doanh nghiệp....
محفوظ في:
| المؤلف الرئيسي: | |
|---|---|
| التنسيق: | كتاب |
| اللغة: | Undetermined |
| منشور في: |
Cần Thơ
Trường Đại học Cần Thơ
2014
|
| الموضوعات: | |
| الوسوم: |
إضافة وسم
لا توجد وسوم, كن أول من يضع وسما على هذه التسجيلة!
|
| Thư viện lưu trữ: | Trung tâm Học liệu Trường Đại học Cần Thơ |
|---|
| LEADER | 01269nam a2200217Ia 4500 | ||
|---|---|---|---|
| 001 | CTU_196011 | ||
| 008 | 210402s9999 xx 000 0 und d | ||
| 082 | |a 332.642 | ||
| 082 | |b T305 | ||
| 088 | |a 60340102 | ||
| 100 | |a Nguyễn, Xuân Tiến | ||
| 245 | 0 | |a Đa dạng hóa ngành nghề và hiệu quả kinh doanh: Trường hợp của các công ty niêm yết tại sở giao dịch chứng khoán thành phố Hồ Chí Minh : | |
| 245 | 0 | |b Luận văn tốt nghiệp Cao học. Chuyên ngành Quản trị kinh doanh | |
| 245 | 0 | |c Nguyễn Xuân Tiến ; Nguyễn Hữu Đặng (Cán bộ hướng dẫn) | |
| 260 | |a Cần Thơ | ||
| 260 | |b Trường Đại học Cần Thơ | ||
| 260 | |c 2014 | ||
| 520 | |a Đề tài đánh giá thực trạng về đa dạng hóa ngành nghề và hiệu quả kinh doanh của các công ty đang niêm yết tại HOSE, phân tích sự ảnh hưởng của mức độ đa dạng hóa ngành nghề đến hiệu quả kinh doanh của doanh nghiệp. | ||
| 650 | |a Thị trường chứng khoán,Stock exchanges | ||
| 910 | |a Hải | ||
| 980 | |a Trung tâm Học liệu Trường Đại học Cần Thơ | ||